00848pam a2200229 a 4500001000500000005001700005020001800022040002300040050002400063082001200087100003300099245007800132260003400210300004000244505000800284520020300292521002000495521002000515650002200535650003100557700003000588103420250619125533.0 a9780439071680 aDLCcDLCdDLCbeng00aPZ7.D2394bAlh 199800aFic2211 aDanziger, Paula,d1944-2004.10aAmber Brown is feeling blue /cPaula Danziger ; illustrated by Tony Ross. aNew York :bScholasticc1998. a130 pages :billustrations ;c20 cm aR  aNine-year-old Amber Brown faces further complications because of her parents' divorce when her father plans to move back from Paris and she must decide which parent she will be with on Thanksgiving. a680 bLexile  aR bRaz-Plus  1aDivorcexFiction. 1aParent and childxFiction.1 aRoss, Tony,eillustrator.